00878nam a2200241Ia 450000100060000000300090000600800410001504000130005604000130006904100130008210000200009510000290011524500590014424500500020325000110025326000100026426000120027426000490028630000590033550001680039465000430056265000310060510307IT-RoPAU130308s9999 xx 000 0 und d aIT-RoPAU cIT-RoPAU aFRANCESE aJolif Jean-Yves gCodice Aut. SPICS: 5206 aCommunion et communication a l'epoque des masses media bMoyens de Communication de masse et Pastorale a1a ed. aPARIS bFleurus c1969 [1° Ed.:1969 - Ed.Ling.Originale:1969] a"19 p. (prefazione: no ; testo: 19 [pagine: 101-119])" aComunione e Comunicazione All'Epoca dei Mass Media Mass Media e futuro dell'uomo Nuovo Statuto dell'immaginario Elementi di tensione tra comunione e Comunicazione aCONVEGNI/MANIFESTAZIONI PASTORALE D.CS eCodice materia Spics: 9315